Gaming Quiz

Random Gaming or Animal Quiz
Score 0/26 Timer 07:00
0 Plays Today
inspiration Pokémon % Correct
BatCrobat, Gligar, Gliscor, Golbat, Noibat, Noivern, Swoobat, Woobat, Zubat
100%
BearBeartic, Cubchoo, Pancham, Pangoro, Spinda, Teddiursa, Ursaring
100%
BeeBeedrill, Combee, Vespiquen
98.9%
MonkeyAipom, Ambipom, Chimchar, Infernape, Mankey, Monferno, Panpour, Pansage, Pansear, Primeape, Simipour, Simisage, Simisear
94.7%
Domestic catDelcatty, Espurr, Glameow, Liepard, Meowstic, Meowth, Mew, Persian, Purrloin, Purugly, Skitty
93.7%
Domestic dogArcanine, Furfrou, Granbull, Growlithe, Herdier, Houndoom, Houndour, Lillipup, Mightyena, Poochyena, Shaymin, Smeargle, Snubbull, Stoutland
92.6%
CrocodilianCroconaw, Feraligatr, Krokorok, Krookodile, Sandile, Totodile
91.6%
EggExeggcute, Togepi
91.6%
SeahorseDragalge, Horsea, Kingdra, Seadra, Skrelp
91.6%
Turtle/TortoiseBlastoise, Carracosta, Grotle, Squirtle, Tirtouga, Torterra, Turtwig, Wartortle
91.6%
FoxBraixen, Delphox, Eevee, Espeon, Fennekin, Flareon, Glaceon, Jolteon, Leafeon, Ninetales, Sylveon, Umbreon, Vaporeon, Vulpix, Zoroark, Zorua
90.5%
JellyfishFrillish, Jellicent, Tentacool, Tentacruel
90.5%
SerpentArbok, Dunsparce, Ekans, Serperior, Servine, Seviper, Snivy
90.5%
inspiration Pokémon % Correct
PigEmboar, Grumpig, Mamoswine, Pignite, Piloswine, Spoink, Swinub, Tepig
90.5%
DuckDucklett, Golduck, Psyduck
89.5%
CactusCacnea, Cacturne, Maractus
88.4%
DeerDeerling, Sawsbuck, Stantler, Xerneas
87.4%
Frog (adult)Croagunk, Froakie, Frogadier, Greninja, Palpitoad, Politoed, Seismitoad, Toxicroak
86.3%
SpiderAriados, Galvantula, Spinarak
85.3%
BovineBouffalant, Miltank, Taurus
84.2%
WeaselBuizel, Floatzel, Furret, Linoone, Mienfoo, Mienshao, Sentret, Sneasel, Weavile
84.2%
RabbitAzumarill, Buneary, Bunnelby, Diggersby, Lopunny
81.1%
BellBronzong, Chimecho, Chingling
76.8%
EquidBlitzle, Keldeo, Ponyta, Rapidash, Zebstrika
73.7%
CephalopodInkay, Malamar, Octillery, Omanyte, Omastar
72.6%
SauropodAmaura, Aurorus, Bayleef, Chikorita, Dialga, Meganium, Tropius
52.6%

You're not logged in!

Compare scores with friends on all Sporcle quizzes.
OR
Log In

Sporcle TV

Today on Sporcle TV


Watch our educational content, quiz creation guides, and fun videos on Sporcle TV.

Show Comments

Extras

Created Oct 19, 2013ReportNominate
Tags:Animal Quiz, Pokémon Quiz

Top Quizzes Today


Score Distribution

Paid Content

Your Account Isn't Verified!

In order to create a playlist on Sporcle, you need to verify the email address you used during registration. Go to your Sporcle Settings to finish the process.

Report this User

Report this user for behavior that violates our Community Guidelines.

Details: